[Event "Chess Olympiad (Women)"]
[Site "Tromso NOR"]
[Date "2016.09.11"]
[EventDate "2016.09.02"]
[Round "9.17"]
[Result "1/2-1/2"]
[White "Marisa Zuriel"]
[Black "Betul Cemre Yildiz"]
[WhiteElo "2272"]
[BlackElo "2369"]
[PlyCount "165"]

1. e4 e5 2. Nf3 Nc6 3. Bc4 Bc5 4. O-O Nf6 5. d3 d6 6. c3 h6
7. Bb3 O-O 8. Nbd2 Re8 9. Re1 a6 10. h3 Ba7 11. Nf1 Be6
12. Ng3 d5 13. Qe2 d4 14. Nh4 Kh7 15. Nhf5 Ne7 16. Qf3 Neg8
17. cxd4 Bxd4 18. Nxd4 Qxd4 19. Bc2 Qc5 20. Qe2 Qd6 21. Be3 c5
22. a3 Ne7 23. b4 cxb4 24. d4 b3 25. Bd3 Ng6 26. d5 Bd7
27. Reb1 Ba4 28. Nf5 Qd7 29. Qf3 Rac8 30. Bd2 Ng8 31. Qg3 Nf6
32. Qf3 Ng8 33. h4 N6e7 34. Ne3 Nf6 35. Bc4 Ng6 36. g3 b5
37. Bxb3 Bxb3 38. Rxb3 h5 39. a4 Rb8 40. axb5 axb5 41. Ra6 Ng4
42. Qf5 Qxf5 43. Nxf5 Rec8 44. Rb2 Nf6 45. Nd6 Rc7 46. f3 Rd7
47. Kf2 Ng8 48. Ke2 f6 49. Nf5 N6e7 50. Nxe7 Nxe7 51. Ra5 Rdb7
52. Bb4 Nc8 53. Bc5 b4 54. Rb3 f5 55. Ra4 fxe4 56. fxe4 Rc7
57. Raxb4 Rxb4 58. Bxb4 Rb7 59. Rb2 Nd6 60. Kd3 Kg6 61. Bc3
Rxb2 62. Bxb2 Kf6 63. Ba3 Ne8 64. Kc4 g5 65. Kc5 gxh4 66. gxh4
Kf7 67. Kc6 Nf6 68. d6 Ke6 69. Bb2 Nd7 70. Bc3 Nf6 71. Bb2 Nd7
72. Bc1 Nb8+ 73. Kb7 Nd7 74. Kc7 Nf6 75. Kc6 Nd7 76. Bg5 Nb8+
77. Kb7 Nd7 78. Kc7 Nc5 79. Be7 Nd7 80. Kd8 Nc5 81. Kc7 Nd7
82. Kc8 Nc5 83. Kc7 1/2-1/2

[Event "Chess Olympiad (Women)"]
[Site "Tromso NOR"]
[Date "2016.09.12"]
[EventDate "2016.09.02"]
[Round "10.22"]
[Result "1/2-1/2"]
[White "Anastasia Avramidou"]
[Black "Betul Cemre Yildiz"]
[WhiteElo "2273"]
[BlackElo "2369"]
[PlyCount "61"]

1. d4 Nf6 2. c4 e6 3. Nf3 b6 4. g3 Bb7 5. Bg2 Be7 6. O-O O-O
7. Re1 Na6 8. Nc3 Ne4 9. Qb3 Nxc3 10. bxc3 f5 11. c5 Bd5
12. c4 Be4 13. Qa4 Nb8 14. Ba3 bxc5 15. Bxc5 Bxc5 16. dxc5 Nc6
17. Rad1 Qe7 18. Rd2 Rad8 19. Red1 e5 20. Qa3 f4 21. Nh4 Bxg2
22. Nxg2 fxg3 23. hxg3 Nd4 24. Nh4 Qf7 25. Nf3 Qxc4 26. Nxd4
exd4 27. Qb3 Qxb3 28. axb3 Rde8 29. Ra1 Rf5 30. Rxa7 Rxc5
31. Rxd4 1/2-1/2

[Event "Chess Olympiad (Women)"]
[Site "Tromso NOR"]
[Date "2016.09.13"]
[EventDate "2016.09.02"]
[Round "11.16"]
[Result "1/2-1/2"]
[White "Betul Cemre Yildiz"]
[Black "Cristina-Adela Foisor"]
[WhiteElo "2369"]
[BlackElo "2353"]
[PlyCount "148"]

1. e4 d6 2. d4 Nf6 3. Nc3 e5 4. Nf3 Nbd7 5. Bc4 Be7 6. O-O O-O
7. Re1 c6 8. a4 a5 9. b3 h6 10. Ba3 Re8 11. h3 Qc7 12. Qd2 Nf8
13. Rad1 Ng6 14. dxe5 dxe5 15. Bxe7 Qxe7 16. Qd6 Kf8 17. Rd2
Qxd6 18. Rxd6 Ke7 19. Red1 Bd7 20. R6d2 Reb8 21. Nh2 Be8
22. Nf1 Nf4 23. Ne3 g6 24. Bf1 Ne6 25. Nc4 Nd7 26. Ne2 f6
27. f3 Ndc5 28. Nc3 b6 29. Kf2 Ra7 30. g3 Rd7 31. h4 Rxd2+
32. Rxd2 Bf7 33. Ke3 Nd4 34. Nb2 Rd8 35. Bc4 Be8 36. Bf1 Rb8
37. Nc4 Bf7 38. Nb2 Be6 39. Bc4 Bc8 40. Bf1 Ba6 41. Bxa6 Nxa6
42. Nd3 Nb4 43. Nxb4 axb4 44. Nd1 b5 45. Nb2 Rc8 46. f4 Ke6
47. Nd3 c5 48. axb5 Nxb5 49. Nb2 Nd4 50. Nd3 h5 51. Nb2 Ra8
52. Kd3 exf4 53. gxf4 Nf3 54. Rf2 Rd8+ 55. Ke3 Nxh4 56. Nd3
Rc8 57. f5+ gxf5 58. Rh2 Ng6 59. exf5+ Kxf5 60. Rxh5+ Kg4
61. Rxc5 Re8+ 62. Kd2 f5 63. Rc4+ f4 64. Rxb4 Kg3 65. Rb5 Kg4
66. c4 f3 67. c5 Re2+ 68. Kc3 Ne5 69. Rb8 Re3 70. Kd4 Rxd3+
71. Kxe5 f2 72. Rg8+ Kf3 73. c6 Rxb3 74. c7 Rc3 1/2-1/2

[Event "Mersin Open"]
[Site "Mersin TUR"]
[Date "2016.10.24"]
[EventDate "2016.10.23"]
[Round "2.3"]
[Result "0-1"]
[White "Betul Cemre Yildiz"]
[Black "Konstantine Shanava"]
[WhiteElo "2364"]
[BlackElo "2545"]
[PlyCount "62"]

1. d4 g6 2. e4 Bg7 3. Nf3 d6 4. c3 Nf6 5. Bd3 O-O 6. O-O Nc6
7. h3 e5 8. Re1 h6 9. Bb5 Bd7 10. a4 a6 11. Bf1 Re8 12. Nbd2
Qc8 13. a5 g5 14. dxe5 Nxe5 15. Nxe5 Rxe5 16. Bd3 Qe8 17. Re2
Bb5 18. c4 Bc6 19. Qe1 Nh5 20. Nf3 Re6 21. g4 Rf6 22. Nd4 Nf4
23. Bxf4 Rxf4 24. Nf5 Qe5 25. Kg2 Rxf5 26. gxf5 Qxf5 27. Rb1
Be5 28. Re3 Bf4 29. Rf3 Qe5 30. Bc2 f5 31. exf5 h5 0-1

[Event "Graz Open A"]
[Site "Graz AUT"]
[Date "2017.02.21"]
[EventDate "2017.02.20"]
[Round "2.8"]
[Result "1-0"]
[White "Emre Can"]
[Black "Betul Cemre Yildiz"]
[WhiteElo "2567"]
[BlackElo "2331"]
[PlyCount "65"]

1. Nf3 Nf6 2. c4 e6 3. g3 b6 4. Bg2 Bb7 5. O-O Be7 6. d4 O-O
7. Nc3 Ne4 8. Bd2 d6 9. d5 Nxc3 10. Bxc3 e5 11. b4 Nd7 12. e4
g6 13. Qc2 Bf6 14. Ne1 Bg7 15. Nd3 f5 16. f4 fxe4 17. Bxe4 Qe7
18. Rae1 Rf7 19. Bg2 Kh8 20. Qb2 Re8 21. Rf2 Qf8 22. Rfe2 b5
23. c5 dxc5 24. fxe5 Nb6 25. e6 Rf5 26. d6 Bxg2 27. Bxg7+ Qxg7
28. d7 Bc6 29. dxe8=Q+ Bxe8 30. Nxc5 Qxb2 31. Rxb2 Nc4 32. Rf2
Kg7 33. Nd7 1-0

[Event "Graz Open A"]
[Site "Graz AUT"]
[Date "2017.02.25"]
[EventDate "2017.02.20"]
[Round "8.2"]
[Result "1-0"]
[White "Evgeny Romanov"]
[Black "Betul Cemre Yildiz"]
[WhiteElo "2644"]
[BlackElo "2331"]
[PlyCount "69"]

1. c4 e5 2. g3 Nf6 3. Bg2 d5 4. cxd5 Nxd5 5. Nf3 Nc6 6. O-O
Nb6 7. b3 Be7 8. Bb2 f6 9. d3 O-O 10. Nbd2 Be6 11. a3 a5
12. Qc2 Qd7 13. Rfd1 Rfd8 14. Nc4 Bf8 15. d4 Nxc4 16. bxc4
exd4 17. Nxd4 Nxd4 18. Rxd4 Qf7 19. Bxb7 Rxd4 20. Bxd4 Rd8
21. Bc3 Bxc4 22. Bxa5 Bb3 23. Qc3 Bd6 24. Rb1 Ba2 25. Rd1 Rb8
26. Be4 Kh8 27. Qf3 Qe7 28. a4 Re8 29. Bc6 Rb8 30. Bc3 Bc4
31. e3 Rb3 32. Bd4 Ra3 33. Rb1 Bb4 34. Qf5 Be6 35. Rxb4 1-0

[Event "European Individual Championship (Women)"]
[Site "Riga, Latvia"]
[Date "2017.04.11"]
[EventDate "2017.04.11"]
[Round "1"]
[Result "1-0"]
[White "Betul Cemre Yildiz"]
[Black "Govhar Beydullayeva"]
[WhiteElo "2367"]
[BlackElo "2054"]
[PlyCount "91"]

1.e4 c5 2.Nf3 d6 3.d4 cxd4 4.Nxd4 Nf6 5.f3 e5 6.Nb3 a5 7.a4
Be6 8.c4 Be7 9.Be3 O-O 10.Nc3 Nc6 11.Nd5 Nd7 12.Be2 f5 13.exf5
Bxf5 14.O-O Kh8 15.Bd3 Bxd3 16.Qxd3 Nf6 17.Bb6 Qd7 18.Nxf6
Rxf6 19.Nc5 Qc8 20.Ne4 Rg6 21.Qd2 Ra6 22.Be3 Nb4 23.b3 Rc6
24.Nc3 Qf5 25.Rac1 h5 26.Nd5 Nxd5 27.Qxd5 h4 28.Qxa5 h3 29.g3
Qd3 30.Qc3 Qxc3 31.Rxc3 d5 32.Bf2 d4 33.Rd3 Bc5 34.Re1 Rce6
35. Re4 Kg8 36.Be1 Kf7 37.Bd2 Rgf6 38.Kf2 Ke8 39.g4 Kd7 40.Kg3
Rf8 41.Kxh3 Be7 42.f4 exf4 43.Rdxd4+ Bd6 44.Rxe6 Kxe6 45.Rxd6+
Kxd6 46.Bb4+ 1-0

[Event "European Individual Championship (Women)"]
[Site "Riga"]
[Date "2017.04.20"]
[EventDate "?"]
[Round "9.12"]
[Result "1/2-1/2"]
[White "Betul Cemre Yildiz"]
[Black "Olga Girya"]
[WhiteElo "2367"]
[BlackElo "2470"]
[PlyCount "50"]

1. d4 d5 2. c4 e6 3. Nf3 Nf6 4. Bg5 Be7 5. e3 h6 6. Bh4 c6
7. cxd5 cxd5 8. Nc3 Nc6 9. Bd3 O-O 10. O-O b6 11. a3 Bb7
12. Rc1 Rc8 13. Qe2 Ne4 14. Bxe7 Nxe7 15. Na2 Rxc1 16. Rxc1
Qb8 17. Rc2 Rc8 18. Qd1 Rxc2 19. Qxc2 Qc8 20. Qxc8+ Nxc8
21. Kf1 Ncd6 22. b3 Kf8 23. Ke2 Bc6 24. Nd2 Ke7 25. f3 Nxd2
1/2-1/2

[Event "European Individual Championship (Women)"]
[Site "Riga LAT"]
[Date "2017.04.22"]
[EventDate "?"]
[Round "11.30"]
[Result "1/2-1/2"]
[White "Betul Cemre Yildiz"]
[Black "Olga I Ivanenko"]
[WhiteElo "2367"]
[BlackElo "2252"]
[PlyCount "38"]

1. e4 c5 2. Nf3 d6 3. d4 cxd4 4. Nxd4 Nf6 5. f3 e5 6. Nb3 Be6
7. c4 Nc6 8. Be3 Be7 9. Nc3 O-O 10. Qd2 a5 11. a4 Nd7 12. Be2
Rc8 13. Nd5 Bxd5 14. cxd5 Nb4 15. Bd3 b6 16. O-O Nc5 17. Nxc5
bxc5 18. Bb5 h6 19. Ra3 Bg5 1/2-1/2

[Event "5th Cesme Open"]
[Site "Cesme TUR"]
[Date "2017.06.13"]
[EventDate "2017.06.12"]
[Round "3.2"]
[Result "1-0"]
[White "Yuri Solodovnichenko"]
[Black "Betul Cemre Yildiz"]
[WhiteElo "2583"]
[BlackElo "2350"]
[PlyCount "83"]

1. e4 e5 2. Nf3 Nc6 3. Bb5 a6 4. Ba4 Nf6 5. O-O Be7 6. Re1 b5
7. Bb3 d6 8. c3 O-O 9. h3 Nb8 10. d4 Nbd7 11. Nbd2 Bb7 12. Bc2
Re8 13. a4 Bf8 14. Bd3 c6 15. Qc2 g6 16. b3 Bg7 17. Bb2 Rc8
18. axb5 cxb5 19. d5 Nc5 20. b4 Nxd3 21. Qxd3 Nd7 22. c4 Qb6
23. cxb5 Qxb5 24. Qxb5 axb5 25. Ra7 Rb8 26. Rc1 Rec8 27. Nb3
Nb6 28. Na5 Ba8 29. Rxc8+ Rxc8 30. Ng5 Rf8 31. Ra6 Na4 32. Ba1
Rc8 33. Ra7 Bxd5 34. exd5 Rc1+ 35. Kh2 Rxa1 36. Nc6 Bf8
37. Nd8 Rd1 38. Rxf7 h5 39. Ne4 Bg7 40. Rb7 Rxd5 41. Ne6 Bh8
42. N4g5 1-0

[Event "European Club Cup (Women)"]
[Site "Antalya TUR"]
[Date "2017.10.08"]
[EventDate "2017.10.08"]
[Round "1.1"]
[Result "1/2-1/2"]
[White "Betul Cemre Yildiz"]
[Black "Dronavalli Harika"]
[WhiteElo "2350"]
[BlackElo "2528"]
[PlyCount "111"]

1. e4 c5 2. Nf3 e6 3. d4 cxd4 4. Nxd4 Nc6 5. Nb5 d6 6. c4 a6
7. N5c3 Nf6 8. Be2 Be7 9. O-O O-O 10. Be3 b6 11. Qd2 Bb7
12. Rd1 Rc8 13. f3 Re8 14. Bf1 Ne5 15. b3 Ned7 16. Qf2 Qc7
17. Na4 Nc5 18. Nbc3 Bc6 19. Nb2 Ncd7 20. Rac1 Qb8 21. b4 Ba8
22. a3 Bd8 23. g4 h6 24. h4 Ne5 25. g5 hxg5 26. hxg5 Nh7
27. Qg3 d5 28. cxd5 exd5 29. Nxd5 Rxc1 30. Bxc1 Bxd5 31. Rxd5
Bxg5 32. f4 Bh6 33. Be3 Ng6 34. e5 Ne7 35. Rd1 Nf5 36. Qf2
Nxe3 37. Qxe3 Nf8 38. Bxa6 Ng6 39. Nd3 b5 40. Qc5 Nxf4
41. Nxf4 Bxf4 42. Qxb5 Qa7+ 43. Kf1 Ra8 44. Bb7 Bg3 45. Rd2
Rb8 46. Be4 g6 47. Qd3 Bxe5 48. Rg2 Rb6 49. Bxg6 Rxg6
50. Rxg6+ fxg6 51. Qxg6+ Bg7 52. Qe8+ Kh7 53. Qh5+ Kg8
54. Qe8+ Kh7 55. Qh5+ Kg8 56. Qe8+ 1/2-1/2

[Event "European Club Cup (Women)"]
[Site "Antalya TUR"]
[Date "2017.10.09"]
[EventDate "2017.10.08"]
[Round "2.4"]
[Result "1/2-1/2"]
[White "Masha Klinova"]
[Black "Betul Cemre Yildiz"]
[WhiteElo "2289"]
[BlackElo "2350"]
[PlyCount "72"]

1. e4 e5 2. Nf3 Nc6 3. Bb5 a6 4. Bxc6 dxc6 5. d4 exd4 6. Qxd4
Qxd4 7. Nxd4 Bd7 8. Nc3 O-O-O 9. Be3 Bb4 10. Ne2 Re8 11. O-O-O
f5 12. Bd4 Nf6 13. e5 Ng4 14. f4 Rhg8 15. h3 Nh6 16. Be3 g5
17. g3 Nf7 18. Rhg1 Nd8 19. a3 Bf8 20. Nd4 Bh6 21. Bd2 Rg6
22. Rde1 gxf4 23. gxf4 Reg8 24. Rxg6 Rxg6 25. Nce2 Be6 26. Rg1
c5 27. Nxe6 Nxe6 28. Rxg6 hxg6 29. c4 Kd7 30. Kc2 c6 31. Kd3
b5 32. b3 Nd8 33. Be3 Ne6 34. Bd2 Nd8 35. Be3 Ne6 36. Bd2 Nd8
1/2-1/2

[Event "European Club Cup (Women)"]
[Site "Antalya TUR"]
[Date "2017.10.12"]
[EventDate "2017.10.08"]
[Round "5.5"]
[Result "0-1"]
[White "Safiye Oyku Ince"]
[Black "Betul Cemre Yildiz"]
[WhiteElo "1861"]
[BlackElo "2350"]
[PlyCount "86"]

1. e4 e5 2. Nf3 Nc6 3. d4 exd4 4. Nxd4 Bb4+ 5. Nc3 Qe7 6. Qd3
Nf6 7. Bd2 Bxc3 8. Bxc3 Qxe4+ 9. Qxe4+ Nxe4 10. Nxc6 Nxc3
11. Nxa7 Rxa7 12. bxc3 Ra5 13. Bd3 d6 14. Kd2 O-O 15. Rhb1 b6
16. Bc4 d5 17. Bd3 Be6 18. Rb5 Ra3 19. Rb3 Rfa8 20. Rb2 Kf8
21. Be2 Ke7 22. Bf3 R8a4 23. Rb4 Rxb4 24. cxb4 d4 25. Be2 Kd6
26. b5 Rxa2 27. Rc1 Kc5 28. Bd3 h6 29. Re1 Ra8 30. Re5+ Kd6
31. Re4 Kd5 32. Rh4 Rd8 33. Rh5+ Kd6 34. f4 f6 35. f5 Bd5
36. Rh4 Kc5 37. Rg4 Rd7 38. c3 Bc4 39. Bxc4 Kxc4 40. Kc2 Kxb5
41. cxd4 Kc4 42. Rg3 Re7 43. Rg4 h5 0-1

[Event "European Club Cup (Women)"]
[Site "Antalya TUR"]
[Date "2017.10.13"]
[EventDate "2017.10.08"]
[Round "6.3"]
[Result "0-1"]
[White "Betul Cemre Yildiz"]
[Black "Olga Badelka"]
[WhiteElo "2350"]
[BlackElo "2353"]
[PlyCount "122"]

1. e4 c5 2. Nf3 e6 3. d4 cxd4 4. Nxd4 Nf6 5. Bd3 Nc6 6. Nxc6
bxc6 7. O-O d5 8. Nd2 Be7 9. c4 O-O 10. Qe2 Bb7 11. b3 Re8
12. Bb2 Qb6 13. Rac1 Rad8 14. e5 Nd7 15. Nf3 g6 16. Bc3 Bb4
17. Bxb4 Qxb4 18. Qe3 Qc5 19. Qf4 Qe7 20. Rfe1 c5 21. cxd5
exd5 22. h4 d4 23. Ng5 Bd5 24. Bb5 a6 25. Bxd7 Rxd7 26. Ne4
Bxe4 27. Qxe4 d3 28. Rcd1 Red8 29. g3 Qe6 30. Re3 d2 31. Re2
Rd3 32. Re3 R3d4 33. Qf3 R8d5 34. Qe2 a5 35. Kg2 a4 36. Kh2
Kf8 37. Kg2 Ke7 38. Kh2 Qf5 39. Kg2 h6 40. bxa4 c4 41. Rc3 Qc8
42. a5 Qa6 43. f4 Qb5 44. Rc2 Qc6 45. Kh2 c3 46. a6 Rd3 47. a7
Qa4 48. Qf2 Ra5 49. a8=Q Rxa8 50. Qc5+ Ke8 51. Rxc3 Rxc3
52. Qxc3 Qxd1 53. Qc6+ Kf8 54. Qxa8+ Kg7 55. Qa6 Qe1 56. Qf6+
Kg8 57. Qd8+ Kh7 58. Qe7 Qe2+ 59. Kh3 Qf1+ 60. Kh2 Qc4 61. Qd8
Qe2+ 0-1

[Event "European Team Championship (Women)"]
[Site "Hersonissos GRE"]
[Date "2017.10.28"]
[EventDate "2017.10.28"]
[Round "1.10"]
[Result "1/2-1/2"]
[White "Betul Cemre Yildiz"]
[Black "Gundula Heinatz"]
[WhiteElo "2350"]
[BlackElo "2174"]
[PlyCount "113"]

1. d4 d5 2. Nf3 Nf6 3. c4 c6 4. e3 g6 5. Bd3 Bg7 6. O-O O-O
7. Nc3 Bg4 8. h3 Bxf3 9. Qxf3 Re8 10. Rd1 e6 11. a4 a5 12. b3
Nbd7 13. Rb1 Qe7 14. Bf1 h5 15. e4 Nxe4 16. Nxe4 dxe4 17. Qxe4
Nf6 18. Qe1 Qd6 19. Bb2 h4 20. Bc3 Nh5 21. Be2 Nf4 22. Bf3 Qc7
23. Qd2 Red8 24. Qe3 Rd7 25. g3 hxg3 26. fxg3 Nd5 27. cxd5
Qxg3+ 28. Kf1 Qxh3+ 29. Ke2 exd5 30. Rg1 Rdd8 31. Bg4 Qh2+
32. Kd3 Re8 33. Qg3 Qxg3+ 34. Rxg3 Re7 35. Re1 Rxe1 36. Bxe1
f5 37. Bf3 Kf7 38. Bd2 b6 39. Rg1 Rh8 40. Bg2 Rh4 41. Be3 Rg4
42. Bh3 Rxg1 43. Bxg1 Ke6 44. Bh2 Kd7 45. Bf4 Bf6 46. Be3 Ke6
47. Bf4 Kd7 48. Bg3 Bd8 49. Be5 Ke6 50. Ke3 Kd7 51. Bf1 Bg5+
52. Kf3 Bh6 53. Bd3 Bg5 54. Ba6 Bh6 55. Bg3 Bg7 56. Bf2 Bh6
57. Bg3 1/2-1/2

[Event "European Team Championship (Women)"]
[Site "Hersonissos GRE"]
[Date "2017.10.29"]
[EventDate "2017.10.28"]
[Round "2.2"]
[Result "1/2-1/2"]
[White "Anne Haast"]
[Black "Betul Cemre Yildiz"]
[WhiteElo "2288"]
[BlackElo "2350"]
[PlyCount "245"]

1. e4 e5 2. Nf3 Nc6 3. Bb5 a6 4. Ba4 Nf6 5. d3 d6 6. c3 g6
7. O-O Bg7 8. Re1 O-O 9. Nbd2 h6 10. d4 b5 11. Bb3 exd4
12. cxd4 Na5 13. Bc2 c5 14. e5 Ne8 15. dxc5 dxc5 16. Qe2 Be6
17. Ne4 Qe7 18. Bf4 Nc4 19. Rac1 Nxb2 20. Nf6+ Nxf6 21. exf6
Bxf6 22. Ne5 Bd5 23. Bxg6 fxg6 24. Qxb2 Qb7 25. Qc2 g5 26. Bg3
c4 27. Ng4 Bg7 28. Qg6 Qc6 29. Bd6 Kh8 30. Ne5 Rf6 31. Qxf6
Bxf6 32. Nxc6 Bxc6 33. Re6 Kg7 34. Be7 Bxe7 35. Rxe7+ Kf6
36. Rh7 Kg6 37. Rc7 Be4 38. Re1 Bd3 39. f3 b4 40. g4 Rf8
41. Kf2 b3 42. axb3 cxb3 43. Rb7 Bc2 44. Ree7 Kf6 45. Rec7 Ke5
46. Ke3 Kd6 47. Rc4 a5 48. Rb6+ Kd5 49. Rbc6 Re8+ 50. Kd2 a4
51. R4c5+ Kd4 52. Rc4+ Kd5 53. R4c5+ Kd4 54. Ra5 Rb8 55. Rd6+
Kc4 56. Rxa4+ Kc5 57. Rdd4 Rf8 58. Rac4+ Kb5 59. f4 gxf4
60. Rxf4 Rd8+ 61. Rcd4 Ra8 62. h4 Ra1 63. Rb4+ Kc5 64. Rfc4+
Kd5 65. Rxc2 bxc2 66. Kxc2 Rg1 67. Kd3 Ke5 68. Ke3 Kf6
69. Rb6+ Kg7 70. Kf3 Ra1 71. Re6 Rh1 72. h5 Rf1+ 73. Kg2 Rf4
74. Kg3 Ra4 75. Rg6+ Kh7 76. Rb6 Kg7 77. Kf3 Rc4 78. Kg3 Ra4
79. Rb7+ Kg8 80. Kf3 Rc4 81. Re7 Ra4 82. Re4 Ra1 83. Re6 Kg7
84. Ke4 Re1+ 85. Kf5 Rf1+ 86. Ke5 Re1+ 87. Kd6 Rd1+ 88. Ke7
Rd4 89. Rg6+ Kh7 90. Kf6 Rd6+ 91. Kf7 Rd7+ 92. Ke6 Ra7 93. Kf5
Ra5+ 94. Kf4 Ra4+ 95. Kg3 Ra3+ 96. Kh4 Rb3 97. Re6 Ra3 98. Re1
Rb3 99. Rg1 Ra3 100. Rg3 Ra2 101. Kh3 Rb2 102. Re3 Ra2
103. Kg3 Ra4 104. Kf3 Rb4 105. Re7+ Kg8 106. Re4 Rb1 107. Kf4
Rf1+ 108. Ke5 Kg7 109. Kd6 Rd1+ 110. Ke6 Ra1 111. Rd4 Re1+
112. Kf5 Rf1+ 113. Ke5 Re1+ 114. Re4 Ra1 115. Kf5 Rf1+
116. Ke6 Ra1 117. Re5 Rg1 118. Re4 Ra1 119. Rd4 Re1+ 120. Kf5
Rf1+ 121. Ke4 Re1+ 122. Kf4 Rf1+ 123. Kg3 1/2-1/2

[Event "European Team Championship (Women)"]
[Site "Hersonissos GRE"]
[Date "2017.10.30"]
[EventDate "2017.10.28"]
[Round "3.3"]
[Result "1-0"]
[White "Marta Garcia Martin"]
[Black "Betul Cemre Yildiz"]
[WhiteElo "2315"]
[BlackElo "2350"]
[PlyCount "89"]

1. e4 e5 2. Nf3 Nc6 3. d4 exd4 4. Nxd4 Bc5 5. Nxc6 Qf6 6. Qf3
bxc6 7. Nd2 d6 8. Nb3 Bb6 9. a4 a6 10. a5 Ba7 11. Bd2 Qxf3
12. gxf3 Ne7 13. Rg1 O-O 14. Bc4 Ng6 15. Be3 Be6 16. Be2 Bxe3
17. fxe3 Rfb8 18. Ra3 Ne5 19. Kd2 Nc4+ 20. Bxc4 Bxc4 21. Nd4
c5 22. Nf5 g6 23. b3 Be6 24. Ng3 Rb4 25. c4 Kf8 26. Ne2 Rab8
27. Kc3 c6 28. Nf4 Ke7 29. h4 f6 30. Nd3 Bf7 31. Kc2 R4b7
32. f4 Be6 33. Kc3 Kf7 34. Rd1 Bg4 35. Rd2 Rd7 36. Ra1 Rdb7
37. Ra3 Rd7 38. Raa2 Re8 39. e5 Bf5 40. e4 Bg4 41. exd6 Rxe4
42. Nxc5 Rxf4 43. Nxd7 Bxd7 44. Re2 Be6 45. Rad2 1-0

[Event "European Team Championship (Women)"]
[Site "Hersonissos GRE"]
[Date "2017.10.31"]
[EventDate "2017.10.28"]
[Round "4.7"]
[Result "1/2-1/2"]
[White "Betul Cemre Yildiz"]
[Black "Karolina Olsarova"]
[WhiteElo "2350"]
[BlackElo "2293"]
[PlyCount "110"]

1. d4 d5 2. Nf3 Nf6 3. c4 c6 4. e3 Bg4 5. h3 Bf5 6. Nc3 e6
7. Bd3 Bxd3 8. Qxd3 Bb4 9. O-O O-O 10. Ne2 Bd6 11. Nd2 Nbd7
12. e4 dxe4 13. Nxe4 Nxe4 14. Qxe4 Qe7 15. Bf4 e5 16. dxe5
Bxe5 17. Ng3 Qh4 18. Bxe5 Qxe4 19. Nxe4 Nxe5 20. Nd6 b6
21. Rad1 Rad8 22. Rfe1 f6 23. f4 Ng6 24. g3 Rd7 25. Nf5 Rdd8
26. h4 h5 27. Kf2 Kf7 28. Kf3 Rxd1 29. Rxd1 Ne7 30. Rd7 Ke6
31. Rxe7+ Kxf5 32. Rxa7 Rd8 33. Ra3 b5 34. cxb5 cxb5 35. Rc3
Rd5 36. b4 Rd2 37. Rc5+ Kg6 38. g4 hxg4+ 39. Kxg4 Rg2+ 40. Kf3
Rxa2 41. Rxb5 Rb2 42. h5+ Kh6 43. Ke3 Rb1 44. Kd2 g5 45. hxg6
Kxg6 46. f5+ Kg5 47. Kc3 Rc1+ 48. Kd3 Rb1 49. Kc4 Rc1+ 50. Kd4
Rb1 51. Kd3 Kg4 52. Kc2 Rf1 53. Rc5 Rxf5 54. Rxf5 Kxf5 55. b5
Ke5 1/2-1/2

[Event "European Team Championship (Women)"]
[Site "Hersonissos GRE"]
[Date "2017.11.01"]
[EventDate "2017.10.28"]
[Round "5.5"]
[Result "1/2-1/2"]
[White "Jana Krivec"]
[Black "Betul Cemre Yildiz"]
[WhiteElo "2270"]
[BlackElo "2350"]
[PlyCount "90"]

1. e4 e5 2. Nc3 Nf6 3. Bc4 Nc6 4. d3 Bb4 5. Ne2 d5 6. exd5
Nxd5 7. Bxd5 Qxd5 8. O-O Qd7 9. f4 b6 10. Qe1 O-O 11. Qg3 Bd6
12. f5 f6 13. Ne4 Bb7 14. Qh4 Nb4 15. N2g3 Kh8 16. Rf2 Qc6
17. Be3 Nd5 18. Bc1 Bc5 19. Nxc5 Qxc5 20. Ne4 Qd4 21. Qg3 Ne7
22. Qe3 Qxe3 23. Bxe3 Bxe4 24. dxe4 Rad8 25. Rd2 Rxd2 26. Bxd2
Rd8 27. Bc3 Kg8 28. Kf2 Kf7 29. b4 Nc8 30. a4 Nd6 31. Kf3 Nc4
32. Ke2 a6 33. Kf3 Rd6 34. b5 a5 35. Ke2 Rd8 36. h4 g6
37. fxg6+ hxg6 38. g4 Rh8 39. Be1 Ke6 40. Kd3 Nd6 41. Ke3 Rd8
42. Bc3 Nb7 43. Kf3 Nc5 44. Ke3 Rh8 45. Be1 Rd8 1/2-1/2

[Event "European Team Championship (Women)"]
[Site "Hersonissos GRE"]
[Date "2017.11.03"]
[EventDate "2017.10.28"]
[Round "6.3"]
[Result "1/2-1/2"]
[White "Betul Cemre Yildiz"]
[Black "Marina Brunello"]
[WhiteElo "2350"]
[BlackElo "2353"]
[PlyCount "82"]

1. c4 c6 2. e4 e5 3. Nf3 d6 4. d4 Bg4 5. Be2 Nd7 6. O-O g6
7. Nc3 Bg7 8. Be3 Ngf6 9. h3 Bxf3 10. Bxf3 O-O 11. Qd2 Qe7
12. Rad1 Rad8 13. Rfe1 Rfe8 14. Qc2 h6 15. Qb3 exd4 16. Bxd4
Nc5 17. Qc2 Ne6 18. Be3 Qc7 19. g3 h5 20. Bg2 h4 21. g4 g5
22. Ne2 Nh7 23. f4 d5 24. cxd5 Nxf4 25. Nxf4 gxf4 26. Bf2 Bf6
27. dxc6 bxc6 28. e5 Rxe5 29. Qxc6 Rxe1+ 30. Rxe1 Qb8 31. Be4
Qxb2 32. Bxh7+ Kxh7 33. Qc7 Kg7 34. Qxf4 Rd5 35. a4 Bd4
36. Bxd4+ Qxd4+ 37. Qxd4+ Rxd4 38. a5 Rd5 39. Ra1 a6 40. Ra3
Kf6 41. Kg2 Kg5 1/2-1/2

[Event "European Team Championship (Women)"]
[Site "Hersonissos GRE"]
[Date "2017.11.04"]
[EventDate "2017.10.28"]
[Round "7.5"]
[Result "1/2-1/2"]
[White "Betul Cemre Yildiz"]
[Black "Sophie Milliet"]
[WhiteElo "2350"]
[BlackElo "2377"]
[PlyCount "60"]

1. e4 c5 2. c3 Nf6 3. e5 Nd5 4. d4 cxd4 5. cxd4 d6 6. Nf3 Nc6
7. Bc4 dxe5 8. Bxd5 Qxd5 9. Nc3 Qd6 10. d5 Nd4 11. Nxd4 exd4
12. Qxd4 e5 13. Qd3 Be7 14. O-O O-O 15. Re1 Bd7 16. Qg3 Rfe8
17. Bg5 Bf8 18. Ne4 Qg6 19. Bd2 Qxg3 20. Nxg3 f5 21. Bc3 Bd6
22. Nf1 b5 23. Nd2 Rac8 24. a3 Rc5 25. Rad1 Rxd5 26. Ne4 Rxd1
27. Rxd1 fxe4 28. Rxd6 Bg4 29. Rd5 Be2 30. Rxe5 Rxe5 1/2-1/2

[Event "European Team Championship (Women)"]
[Site "Hersonissos GRE"]
[Date "2017.11.05"]
[EventDate "2017.10.28"]
[Round "8.1"]
[Result "1-0"]
[White "Kateryna Lahno"]
[Black "Betul Cemre Yildiz"]
[WhiteElo "2541"]
[BlackElo "2350"]
[PlyCount "93"]

1. e4 e5 2. Nf3 Nc6 3. Bc4 Bc5 4. c3 Nf6 5. d4 exd4 6. e5 d5
7. Bb5 Ne4 8. cxd4 Bb6 9. Nc3 O-O 10. Be3 Bg4 11. h3 Bh5
12. Qc2 Nxc3 13. bxc3 Ne7 14. Bd3 Bg6 15. O-O Rc8 16. Bxg6
Nxg6 17. Qb3 c5 18. a4 cxd4 19. cxd4 Ne7 20. Bg5 f6 21. exf6
gxf6 22. Bh6 Rf7 23. Rac1 Rxc1 24. Rxc1 Nc6 25. Re1 Re7
26. Rxe7 Nxe7 27. Nh4 Qd6 28. Qf3 Qe6 29. Qh5 Qd7 30. Qf3 Qe6
31. Qg3+ Kf7 32. Qg7+ Ke8 33. Be3 Qf7 34. Qg3 Qe6 35. Qg7 Qf7
36. Qh8+ Kd7 37. Qb8 Kc6 38. a5 Bxa5 39. Qxa7 Bc7 40. Qa4+ Kb6
41. Bd2 Nc6 42. Nf5 Qe6 43. Ne3 Qe4 44. Qa2 Nxd4 45. Nxd5+ Kc6
46. Qc4+ Kd6 47. Bf4+ 1-0

[Event "European Team Championship (Women)"]
[Site "Hersonissos GRE"]
[Date "2017.11.06"]
[EventDate "2017.10.28"]
[Round "9.4"]
[Result "1-0"]
[White "Natalia Zhukova"]
[Black "Betul Cemre Yildiz"]
[WhiteElo "2426"]
[BlackElo "2350"]
[PlyCount "77"]

1. c4 c5 2. Nf3 Nf6 3. Nc3 d5 4. cxd5 Nxd5 5. e3 Nxc3 6. dxc3
Qc7 7. e4 Nc6 8. Be3 b6 9. Qa4 Bb7 10. Ba6 Bxa6 11. Qxa6 e6
12. O-O-O Be7 13. g3 O-O 14. Bf4 Qc8 15. Qxc8 Raxc8 16. Rd7
Rfd8 17. Rhd1 Rxd7 18. Rxd7 Kf8 19. Ne5 g5 20. Nxc6 Rxc6
21. Be3 a6 22. a4 b5 23. axb5 axb5 24. Kc2 b4 25. cxb4 cxb4+
26. Kb3 Ra6 27. Rc7 Ra5 28. Ra7 Rb5 29. Ra8+ Kg7 30. Kc4 Rb7
31. Ra7 Rxa7 32. Bxa7 Kg6 33. Bc5 Bf6 34. b3 Be5 35. Bxb4 f5
36. Bc5 fxe4 37. b4 Kf5 38. h3 h5 39. Be3 1-0